<?xml version="1.0" encoding="UTF-8"?><marc:collection xmlns:marc="http://www.loc.gov/MARC21/slim">
  <marc:record>
    <marc:leader>00000nam  2200000za 4500</marc:leader>
    <marc:controlfield tag="001">9.840147</marc:controlfield>
    <marc:controlfield tag="003">CaOODSP</marc:controlfield>
    <marc:controlfield tag="005">20221107151754</marc:controlfield>
    <marc:controlfield tag="007">cr |||||||||||</marc:controlfield>
    <marc:controlfield tag="008">170721s1985    onca|||#o    f000 0 eng d</marc:controlfield>
    <marc:datafield tag="020" ind1=" " ind2=" ">
      <marc:subfield code="q">paper (set) : </marc:subfield>
      <marc:subfield code="z">0-660-11809-2</marc:subfield>
    </marc:datafield>
    <marc:datafield tag="020" ind1=" " ind2=" ">
      <marc:subfield code="q">paper (v. 1)</marc:subfield>
      <marc:subfield code="z">0-660-11812-2</marc:subfield>
    </marc:datafield>
    <marc:datafield tag="020" ind1=" " ind2=" ">
      <marc:subfield code="q">paper (v. 2) </marc:subfield>
      <marc:subfield code="z">0-660-11813-0</marc:subfield>
    </marc:datafield>
    <marc:datafield tag="040" ind1=" " ind2=" ">
      <marc:subfield code="a">CaOODSP</marc:subfield>
      <marc:subfield code="b">eng</marc:subfield>
    </marc:datafield>
    <marc:datafield tag="043" ind1=" " ind2=" ">
      <marc:subfield code="a">n-cn---</marc:subfield>
    </marc:datafield>
    <marc:datafield tag="086" ind1="1" ind2=" ">
      <marc:subfield code="a">J2-55/1-1985E-PDF</marc:subfield>
      <marc:subfield code="z">J2-55/1-1985E</marc:subfield>
    </marc:datafield>
    <marc:datafield tag="086" ind1="1" ind2=" ">
      <marc:subfield code="a">J2-55/2-1985E-PDF</marc:subfield>
      <marc:subfield code="z">J2-55/2-1985E</marc:subfield>
    </marc:datafield>
    <marc:datafield tag="245" ind1="0" ind2="0">
      <marc:subfield code="a">Pornography and prostitution in Canada </marc:subfield>
      <marc:subfield code="h">[electronic resource] : </marc:subfield>
      <marc:subfield code="b">report of the Special Committee on Pornography and Prostitution. </marc:subfield>
    </marc:datafield>
    <marc:datafield tag="260" ind1=" " ind2=" ">
      <marc:subfield code="a">[Ottawa] : </marc:subfield>
      <marc:subfield code="b">[Department of Justice] : </marc:subfield>
      <marc:subfield code="b">Supply and Services Canada [distributor], </marc:subfield>
      <marc:subfield code="c">1985.</marc:subfield>
    </marc:datafield>
    <marc:datafield tag="300" ind1=" " ind2=" ">
      <marc:subfield code="a">2 v. (xix, vii, 753 p.) : </marc:subfield>
      <marc:subfield code="b">ill. </marc:subfield>
    </marc:datafield>
    <marc:datafield tag="500" ind1=" " ind2=" ">
      <marc:subfield code="a">Chairman: Paul Fraser.</marc:subfield>
    </marc:datafield>
    <marc:datafield tag="500" ind1=" " ind2=" ">
      <marc:subfield code="a">Historical publication digitized from print "reproduced with the permission of the Minister of Public Works and Government Services Canada, 2010".</marc:subfield>
    </marc:datafield>
    <marc:datafield tag="500" ind1=" " ind2=" ">
      <marc:subfield code="a">Issued also in French under title: La pornographie et la prostituion au Canada.</marc:subfield>
    </marc:datafield>
    <marc:datafield tag="504" ind1=" " ind2=" ">
      <marc:subfield code="a">Includes bibliographic references.</marc:subfield>
    </marc:datafield>
    <marc:datafield tag="520" ind1="0" ind2=" ">
      <marc:subfield code="a">"In June 1983 the Government of Canada established the Special Committee on Pornography and Prostitution to report to the Minister of Justice. The Committee was asked to study the problems associated with pornography and prostitution and to carry out a program of socio-legal research in support of our work. Our specific terms of reference were 1. to consider the problems of access to pornography, its effects and what is considered to be pornographic in Canada; 2. to consider prostitution in Canada with particular reference to loitering and street soliciting for prostitution, the operation of bawdy houses, living off the avails of prostitution, the exploitation of prostitutes and the law relating to these matters; 3. to ascertain public views on ways and means to deal with these probllems by inviting submissions from concerned groups and citizens and by conducting meetings in major centres across the country; 4. to consider the experience and attempts to deal with these problesm in other countries, including the U.S., European Economic Community and selected Commonwealth countries such as Australia and New Zealand; 5. to consider alternatives, report findings and recommend solutions to the problems associated with pornography and prostitution in Canada"--p. 5-6.</marc:subfield>
    </marc:datafield>
    <marc:datafield tag="692" ind1="0" ind2="7">
      <marc:subfield code="2">gccst</marc:subfield>
      <marc:subfield code="a">Pornography</marc:subfield>
    </marc:datafield>
    <marc:datafield tag="692" ind1="0" ind2="7">
      <marc:subfield code="2">gccst</marc:subfield>
      <marc:subfield code="a">Prostitution</marc:subfield>
    </marc:datafield>
    <marc:datafield tag="700" ind1="1" ind2=" ">
      <marc:subfield code="a">Fraser, Paul.</marc:subfield>
    </marc:datafield>
    <marc:datafield tag="710" ind1="1" ind2=" ">
      <marc:subfield code="a">Canada. </marc:subfield>
      <marc:subfield code="b">Department of Justice.</marc:subfield>
    </marc:datafield>
    <marc:datafield tag="710" ind1="1" ind2=" ">
      <marc:subfield code="a">Canada. </marc:subfield>
      <marc:subfield code="b">Special Committee on Pornography and Prostitution.</marc:subfield>
    </marc:datafield>
    <marc:datafield tag="856" ind1="4" ind2="0">
      <marc:subfield code="q">PDF</marc:subfield>
      <marc:subfield code="s">4.00 MB</marc:subfield>
      <marc:subfield code="u">https://publications.gc.ca/collections/collection_2017/jus/J2-55-1-1985-A-eng.pdf</marc:subfield>
      <marc:subfield code="z">pages [i]-167 (Vol. 1, Table of Contents, Chapters 1-10)</marc:subfield>
    </marc:datafield>
    <marc:datafield tag="856" ind1="4" ind2="0">
      <marc:subfield code="q">PDF</marc:subfield>
      <marc:subfield code="s">3.94 MB</marc:subfield>
      <marc:subfield code="u">https://publications.gc.ca/collections/collection_2017/jus/J2-55-1-1985-B-eng.pdf</marc:subfield>
      <marc:subfield code="z">pages 169-340  (Vol. 1, Chapters 11-26)</marc:subfield>
    </marc:datafield>
    <marc:datafield tag="856" ind1="4" ind2="0">
      <marc:subfield code="q">PDF</marc:subfield>
      <marc:subfield code="s">5.28 MB</marc:subfield>
      <marc:subfield code="u">https://publications.gc.ca/collections/collection_2017/jus/J2-55-2-1985-A-eng.pdf</marc:subfield>
      <marc:subfield code="z">pages i-vii, 345-558 (Vol. 2, Chapters 27-40)</marc:subfield>
    </marc:datafield>
    <marc:datafield tag="856" ind1="4" ind2="0">
      <marc:subfield code="q">PDF</marc:subfield>
      <marc:subfield code="s">3.82 MB</marc:subfield>
      <marc:subfield code="u">https://publications.gc.ca/collections/collection_2017/jus/J2-55-2-1985-B-eng.pdf</marc:subfield>
      <marc:subfield code="z">pages 561-753 (Vol. 1, Chapters 41-52, Appendix)</marc:subfield>
    </marc:datafield>
  </marc:record>
</marc:collection>
